000
00306nam a2200121Ia 4500
008
210430s9999 xx 000 0 und d
082
_a
621.4831 W146N
100
_a
Wakil M.M.EL
_9
54828
245
_a
Nuclear Heat Transport
_c
Wakil M.M.EL
260
_a
America
_c
1993
300
_a
502p.
942
_c
BK
_2
ddc
999
_c
565592
_d
565592